Quartiers de New York et comtés correspondants - Statistiques

Statistiques générales
  • Ce quiz a été pris 366 fois
  • Le résultat moyen est 6 sur 10
Statistiques - réponses
Réponse % Correct
Bronx
85%
Bronx
85%
Brooklyn
85%
Manhattan
84%
Queens
81%
Queens
81%
Staten Island
58%
New York
26%
Kings
10%
Richmond
7%
Aucun quiz correspondant
Distribution des résultats
% des personnes avec chaque résultat
Percentile par nombre de réponses
Votre historique - résultats
Vous n’avez pas pris ce quiz